00565nam a22001577a 450000500170000001000150001702000260003203500140005803700130007208200150008510000220010024501200012226000570024227000820029930000260038120180920151227.0 aENG-124014 a9788192606231c250.00 aEN-107546 bDBAD/PUB a327.540548 aFernandes, Walter aRelations across borders:cby Walter Fernandes [and] et.....allbcommunities separated by the indo-myanmar border / aGuwahatic2015bNorth Eastern Social Research Centre bGuwahatiaJagriti 2nd Floor, Arunadai Path, GMC Road, Christian Bastie781005 a247p.c21(pbk.)bill.